[Event "EU-ch Blitz"]
[Site "Skopje"]
[Date "2024.12.09"]
[Round "2"]
[White "Boyer, Mahel"]
[Black "Plesec, Damjan"]
[Result "1-0"]
[WhiteElo "2526"]
[BlackElo "2206"]
[PlyCount "57"]
[EventDate "2024.12.09"]
[EventType "swiss (blitz)"]
[EventRounds "13"]
[EventCountry "MKD"]
[SourceTitle "CB50_2024"]
[SourceDate "2024.11.01"]
[SourceVersion "1"]
[SourceVersionDate "2024.11.01"]
[SourceQuality "2"]

1. Nf3 Nf6 2. c4 d6 3. d4 Nbd7 4. g3 e5 5. Bg2 g6 6. 0-0 Bg7 7. Nc3 0-0 8. e4 c6 9. h3 Qc7 10. Be3 Re8 11. d5 c5 12. a3 a6 13. Qd3 b6 14. b4 Bb7 15. Rfc1 Reb8 16. Na4 Bc8 17. Rab1 Nf8 18. bxc5 bxc5 19. Nd2 Bd7 20. Nc3 Qa5 21. Qc2 Ne8 22. Rb3 Ba4 23. Rxb8 Bxc2 24. Rxa8 Qxc3 25. Rxe8 f6 26. Rb8 f5 27. Rb3 Bxb3 28. Rxc3 Ba4 29. Rc1 1-0

[Event "Oskarja Memorial 10th"]
[Site "Chess.com INT"]
[Date "2021.01.16"]
[Round "14"]
[White "Plesec, Damjan"]
[Black "Subelj, Jan"]
[Result "1/2-1/2"]
[WhiteElo "2094"]
[BlackElo "2238"]
[PlyCount "74"]
[EventDate "2021.01.16"]
[EventType "swiss (blitz)"]
[EventRounds "15"]
[EventCountry "SLO"]
[SourceTitle "CBM 200 Extra"]
[Source "ChessBase"]
[SourceDate "2021.03.31"]
[SourceVersion "1"]
[SourceVersionDate "2021.03.31"]
[SourceQuality "1"]

1. d4 e6 2. Nf3 b6 3. g3 Bb7 4. Bg2 Nf6 5. 0-0 Be7 6. Nbd2 0-0 7. Re1 d5 8. Ne5 c5 9. c3 Nc6 10. Nxc6 Bxc6 11. Nf3 Bd6 12. Bg5 h6 13. Bc1 Nd7 14. Qd3 Re8 15. Bd2 e5 16. dxe5 Nxe5 17. Nxe5 Bxe5 18. Be3 Qf6 19. Qc2 Rad8 20. Rad1 Bc7 21. Qc1 a5 22. Bf4 Bxf4 23. Qxf4 Qxf4 24. gxf4 Ba8 25. e3 Rd6 26. Kf1 Bb7 27. Rd2 Red8 28. Red1 Kf8 29. Kg1 b5 30. a4 Rb6 31. axb5 Rxb5 32. Bxd5 Bxd5 33. Rxd5 Rxd5 34. Rxd5 Rxb2 35. Rxc5 a4 36. Ra5 Rc2 37. Rxa4 Rxc3 1/2-1/2

[Event "Senta op 23rd"]
[Site "Senta"]
[Date "2019.07.22"]
[Round "5"]
[White "Plesec, Damjan"]
[Black "Nagy, Attila N"]
[Result "1/2-1/2"]
[WhiteElo "2249"]
[BlackElo "2262"]
[PlyCount "80"]
[EventDate "2019.07.19"]
[EventType "swiss"]
[EventRounds "9"]
[EventCountry "SRB"]
[SourceTitle "EXT 2020"]
[Source "ChessBase"]
[SourceDate "2019.10.17"]
[SourceVersion "1"]
[SourceVersionDate "2019.10.17"]
[SourceQuality "1"]

1. d4 Nf6 2. Nf3 g6 3. g3 Bg7 4. Bg2 0-0 5. 0-0 d6 6. b3 c5 7. Bb2 Nc6 8. dxc5 dxc5 9. Nbd2 Bf5 10. Ne5 Nxe5 11. Bxe5 Qc8 12. Qc1 Bh6 13. Bxf6 exf6 14. e3 Bg7 15. a4 Qc7 16. Nc4 Rad8 17. Ra2 Be6 18. Rd1 Rxd1+ 19. Qxd1 Rd8 20. Qe1 f5 21. h4 b6 22. c3 Rd3 23. Rc2 Qd8 24. Bf3 Qf6 25. Be2 Rxc3 26. Rxc3 Qxc3 27. Qxc3 Bxc3 28. Kf1 Kf8 29. Bd3 Ke7 30. Na3 a6 31. Nc4 b5 32. axb5 axb5 33. Na3 b4 34. Nc4 Bd5 35. Be2 f6 36. f3 g5 37. Kf2 f4 38. exf4 Bd4+ 39. Kf1 gxf4 40. gxf4 h6 1/2-1/2

[Event "Ljubljana-chT 70th"]
[Site "Ljubljana"]
[Date "2017.01.12"]
[Round "1.1"]
[White "Plesec, Damjan"]
[Black "Stevanic, David"]
[Result "1/2-1/2"]
[WhiteElo "2225"]
[BlackElo "2013"]
[PlyCount "68"]
[EventDate "2017.01.12"]
[EventType "team-tourn"]
[EventRounds "9"]
[EventCountry "SLO"]
[SourceTitle "EXT 2019"]
[Source "ChessBase"]
[SourceDate "2018.10.10"]
[SourceVersion "1"]
[SourceVersionDate "2018.10.10"]
[SourceQuality "1"]
[WhiteTeam "Loka Pri Mengsu"]
[BlackTeam "Kocevje"]
[WhiteTeamCountry "SLO"]
[BlackTeamCountry "SLO"]

1. Nf3 d5 2. d4 e6 3. e3 Nf6 4. Nbd2 c5 5. c3 b6 6. Bd3 Bb7 7. Ne5 Nbd7 8. f4 a6 9. Qf3 Nxe5 10. fxe5 Ne4 11. Bxe4 dxe4 12. Qf4 Be7 13. 0-0 0-0 14. Qg4 Qd5 15. b3 f6 16. exf6 Rxf6 17. Rxf6 Bxf6 18. Nc4 Qc6 19. Ba3 h5 20. Qxh5 cxd4 21. cxd4 b5 22. Nd6 Qc3 23. Qf7+ Kh8 24. Qh5+ Kg8 25. Rf1 Qxe3+ 26. Kh1 Bd5 27. Ne8 Qg5 28. Nxf6+ gxf6 29. Qxg5+ fxg5 30. Kg1 Kg7 31. Rc1 a5 32. Bc5 a4 33. bxa4 Rxa4 34. a3 Rc4 1/2-1/2

[Event "Veliko Gradiste Silver Lake op-A"]
[Site "Veliko Gradiste"]
[Date "2016.06.23"]
[Round "6"]
[White "Plesec, Damjan"]
[Black "Arda, Cagil Irmak"]
[Result "1/2-1/2"]
[WhiteElo "2256"]
[BlackElo "1990"]
[PlyCount "22"]
[EventDate "2016.06.19"]
[EventType "swiss"]
[EventRounds "9"]
[EventCountry "SRB"]
[SourceTitle "EXT 2017"]
[Source "ChessBase"]
[SourceDate "2016.10.25"]
[SourceVersion "1"]
[SourceVersionDate "2016.10.25"]
[SourceQuality "1"]

1. c4 Nf6 2. g3 e6 3. Bg2 Be7 4. Nc3 0-0 5. e4 d6 6. d4 e5 7. d5 Nfd7 8. Nge2 a5 9. 0-0 Na6 10. Be3 b6 11. f4 f5 1/2-1/2

[Event "SLO-chT 25th"]
[Site "Otocec"]
[Date "2015.11.29"]
[Round "9.24"]
[White "Plesec, Damjan"]
[Black "Urbanc, Peter"]
[Result "0-1"]
[WhiteElo "2286"]
[BlackElo "2099"]
[PlyCount "72"]
[EventDate "2015.10.16"]
[EventType "team-tourn"]
[EventRounds "9"]
[EventCountry "SLO"]
[SourceTitle "EXT 2020"]
[Source "ChessBase"]
[SourceDate "2019.10.17"]
[SourceVersion "1"]
[SourceVersionDate "2019.10.17"]
[SourceQuality "1"]
[WhiteTeam "Maribor ZSK"]
[BlackTeam "Krsko Triglav"]
[WhiteTeamCountry "SVK"]
[BlackTeamCountry "SLO"]

1. Nf3 e6 2. d4 f5 3. g3 Nf6 4. Bg2 d5 5. 0-0 Bd6 6. c4 c6 7. Qc2 0-0 8. b3 Ne4 9. Nfd2 Nd7 10. Nxe4 fxe4 11. Nc3 Qf6 12. Bb2 Qh6 13. f3 Nf6 14. Bc1 Qg6 15. fxe4 e5 16. dxe5 Bxe5 17. Bf4 Bd4+ 18. e3 Bb6 19. c5 Ba5 20. Rac1 Bxc3 21. Qxc3 Nxe4 22. Qb4 Re8 23. Qd4 a5 24. a3 Bg4 25. Ra1 Qh5 26. Ra2 Bh3 27. Rc2 Re6 28. Bf3 Qf7 29. Bg2 Bxg2 30. Kxg2 Rf8 31. Rcc1 Rf6 32. h4 h6 33. Qd1 g5 34. hxg5 hxg5 35. Qg4 Qg7 36. Bd6 Rxf1 0-1

[Event "SLO-chT 25th"]
[Site "Otocec"]
[Date "2015.10.17"]
[Round "2.23"]
[White "Plesec, Damjan"]
[Black "Dobrovoljc, Vid"]
[Result "1-0"]
[WhiteElo "2286"]
[BlackElo "2103"]
[PlyCount "71"]
[EventDate "2015.10.16"]
[EventType "team-tourn"]
[EventRounds "9"]
[EventCountry "SLO"]
[SourceTitle "EXT 2020"]
[Source "ChessBase"]
[SourceDate "2019.10.17"]
[SourceVersion "1"]
[SourceVersionDate "2019.10.17"]
[SourceQuality "1"]
[WhiteTeam "Maribor ZSK"]
[BlackTeam "Novo Mesto Krka"]
[WhiteTeamCountry "SVK"]
[BlackTeamCountry "SLO"]

1. d4 Nf6 2. Nf3 g6 3. g3 Bg7 4. Bg2 0-0 5. 0-0 c6 6. b3 d5 7. Bb2 Bf5 8. Nbd2 Qc8 9. Re1 Ne4 10. c4 Nxd2 11. Qxd2 Be4 12. Rac1 e6 13. Qf4 Qd8 14. Ba3 Re8 15. Ng5 Bf5 16. Nf3 Nd7 17. g4 Be4 18. Ng5 Bxg2 19. Qxf7+ Kh8 20. Nxe6 Rxe6 21. Qxe6 Bh3 22. Rc3 Bxg4 23. Qxg4 Nf6 24. Qh4 Ne4 25. Qxd8+ Rxd8 26. Rd3 dxc4 27. bxc4 Rxd4 28. Bb2 Rd6 29. Bxg7+ Kxg7 30. Rxd6 Nxd6 31. Rd1 Nxc4 32. Rd7+ Kg8 33. Rxb7 a5 34. Rc7 Ne5 35. f4 Ng4 36. Rxc6 1-0

[Event "Ljubljana-chT 68th Superliga"]
[Site "Ljubljana"]
[Date "2015.01.15"]
[Round "2.1"]
[White "Krumpak, Hinko"]
[Black "Plesec, Damjan"]
[Result "1-0"]
[WhiteElo "2123"]
[BlackElo "2294"]
[PlyCount "93"]
[EventDate "2015.01.08"]
[EventType "team-tourn"]
[EventRounds "9"]
[EventCountry "SLO"]
[SourceTitle "EXT 2022"]
[Source "ChessBase"]
[SourceDate "2021.10.06"]
[SourceVersion "1"]
[SourceVersionDate "2021.10.06"]
[SourceQuality "1"]
[WhiteTeam "Visnja Gora Sticna"]
[BlackTeam "Klinicni Center"]
[WhiteTeamCountry "SLO"]
[BlackTeamCountry "SLO"]

1. e4 e6 2. d3 d5 3. Nd2 g6 4. g3 c6 5. Ngf3 Bg7 6. Bg2 Ne7 7. 0-0 0-0 8. Re1 Nd7 9. d4 c5 10. exd5 Nxd5 11. c3 Qc7 12. Ne4 c4 13. h4 b5 14. a3 Bb7 15. h5 N7f6 16. Nxf6+ Nxf6 17. hxg6 hxg6 18. Bf4 Qb6 19. Be5 Rad8 20. Ng5 Bxg2 21. Kxg2 Qc6+ 22. Qf3 Qxf3+ 23. Nxf3 Nd5 24. Bxg7 Kxg7 25. Ne5 Rd6 26. Ng4 a5 27. Ne3 Nb6 28. Re2 Rfd8 29. f4 Rc8 30. Kf3 Rh8 31. Kg2 Rh5 32. Rh1 Rxh1 33. Kxh1 Na4 34. Kg2 Rd8 35. Nd1 Kf6 36. Re5 Rd5 37. Kf3 Ke7 38. Rxd5 exd5 39. g4 Ke6 40. Ke3 Nb6 41. Ke2 Nd7 42. Nf2 Nf6 43. Ke3 Nd7 44. Kd2 Nf6 45. Ke3 Ne8 46. Nh3 Nd6 47. Nf2 1-0

[Event "SLO-chT 22th"]
[Site "Ljubljana"]
[Date "2012.11.30"]
[Round "4"]
[White "Gjuran, Denis"]
[Black "Plesec, Damjan"]
[Result "1-0"]
[WhiteElo "2336"]
[BlackElo "2315"]
[PlyCount "55"]
[EventDate "2012.11.23"]
[EventType "team-tourn"]
[EventRounds "9"]
[EventCountry "SLO"]
[SourceTitle "CBM 151 Extra"]
[Source "ChessBase"]
[SourceDate "2012.12.18"]
[SourceVersion "1"]
[SourceVersionDate "2012.12.18"]
[SourceQuality "1"]
[WhiteTeam "Radenska Pomgrad"]
[BlackTeam "Lendava Rokada"]
[WhiteTeamCountry "SLO"]
[BlackTeamCountry "SLO"]

1. e4 d5 2. exd5 Qxd5 3. Nc3 Qa5 4. d4 Nf6 5. Bc4 c6 6. Bd2 Bf5 7. Nge2 e6 8. 0-0 Qc7 9. Ng3 Bg6 10. Qe2 Bd6 11. Bb3 0-0 12. f4 Nbd7 13. Kh1 Rfe8 14. Qf3 a6 15. f5 exf5 16. Nxf5 c5 17. Nd5 Nxd5 18. Qxd5 Bxh2 19. Bg5 Nf8 20. Ne7+ Rxe7 21. Bxe7 Qxe7 22. Kxh2 Ne6 23. dxc5 Rd8 24. Qe5 Qh4+ 25. Kg1 Nd4 26. Rae1 h6 27. Rf4 Ne2+ 28. Rxe2 1-0